El catolicismo y el libre-cambio (Record no. 164542)

MARC details
000 -LEADER
campo de control de longitud fija 00677nam a2200193 i 4500
001 - NÚMERO DE CONTROL
campo de control 164542
003 - IDENTIFICADOR DE NÚMERO DE CONTROL
campo de control ES-MaACL
005 - FECHA Y HORA DE LA ÚLTIMA TRANSACCIÓN
campo de control 20231229063050.0
008 - DATOS DE LONGITUD FIJA--INFORMACIÓN GENERAL
campo de control de longitud fija 950407s1885 sp |||| | spa d
040 ## - FUENTE DE CATALOGACIÓN
Centro catalogador/agencia de origen EUS
Lengua de catalogación spa
Centro/agencia transcriptor EUS
100 1# - ENTRADA PRINCIPAL--NOMBRE DE PERSONA
Nombre de persona Sánchez, Miguel,
Fechas asociadas al nombre 1833-1889
9 (RLIN) 102411
245 13 - MENCIÓN DEL TÍTULO
Título El catolicismo y el libre-cambio
Resto del título : carta al Sr. Ortí y Lara /
Mención de responsabilidad, etc. por Miguel Sánchez.
260 ## - PUBLICACIÓN, DISTRIBUCIÓN, ETC.
Lugar de publicación, distribución, etc. Madrid :
Nombre del editor, distribuidor, etc. [s.n.],
Fecha de publicación, distribución, etc. 1885 (
Fabricante Imprenta de E. de la Riva)
300 ## - DESCRIPCIÓN FÍSICA
Extensión 109 p. ;
Dimensiones 22 cm.
700 1# - ENTRADA AGREGADA--NOMBRE PERSONAL
Nombre de persona Ortí y Lara, Juan Manuel.
9 (RLIN) 87534
852 ## - LOCALIZACIÓN
Ubicación ES-MaACL
Número de control de estantería Fol-Laf-275
Nota libre -- Rust.
-- -- Legado M. de la Fuente
852 ## - LOCALIZACIÓN
Ubicación ES-MaACL
Número de control de estantería T-426-F-3
Holdings
Estatus retirado Estado de pérdida Estado de daño No para préstamo Colección Biblioteca de origen Biblioteca actual Ubicación en estantería Fecha de adquisición Fuente de adquisición Total de préstamos Signatura topográfica completa Código de barras Visto por última vez Precio de reemplazo Tipo de ítem Koha
        Colección de folletos Biblioteca del Ateneo de Madrid Biblioteca del Ateneo de Madrid Depósito folletos 17/01/2008     Fol-Laf-275 1172479 23/02/2023 23/02/2023 Folleto
        Colección de folletos Biblioteca del Ateneo de Madrid Biblioteca del Ateneo de Madrid Depósito folletos 26/09/2016     T-426-F-3 1196354 23/02/2023 23/02/2023 Folleto